Indovina la copertina #2 - Statistics

Statistiche generali
  • Questo quiz è stato fatto 43 volte
  • Il punteggio medio è 5 su 16
Statistiche sulle risposte
con Immagini Risposta % Corretto
Rockstar
84%
Comunisti col Rolex
70%
Persona
65%
Madreperla
43%
Playlist
35%
Blu Celeste
30%
Gemelli
27%
Album
22%
Eclissi
16%
Tradimento
16%
1969
11%
è sempre bello
11%
Evergreen
11%
Ghettolimpo
5%
Notti Brave
5%
Verità Supposte
5%
Nessun quiz corrispondente trovato
Distribuzione punteggi
Percentuale di utenti per punteggio
Percentile per numero di risposta
I tuoi punteggi nel tempo
Non hai fatto questo quiz